| 000 | 02306cam a22005534i 4500 | ||
|---|---|---|---|
| 003 | PE-LiUPU | ||
| 005 | 20250731165515.0 | ||
| 008 | 180802s2015 sp a r0 001 0 spa d | ||
| 020 | _a9788441538977 | ||
| 035 | _a(Sirsi) a249546 | ||
| 040 |
_aPE-LiUPU _bspa _cPE-LiUPU _erda |
||
| 041 | 1 |
_aspa _heng |
|
| 049 | _aPRUA | ||
| 082 | 0 | 4 |
_a006.6 _bK37 _220 |
| 100 | 1 |
_aKelby, Scott, _eautor. |
|
| 245 | 1 | 0 |
_a¿Cómo hacer esto en lightroom? / _cScott Kelby. |
| 264 | 1 |
_aMadrid : _bAnaya Multimedia, _c2015. |
|
| 300 |
_a283 páginas : _bilustraciones ; _c23 centímetros. |
||
| 336 |
_atext _2rdacontent |
||
| 337 |
_aunmediated _2rdamedia |
||
| 338 |
_avolume _2rdacarrier |
||
| 504 | _aÍndice : páginas 273-283. | ||
| 505 | 0 | _aCómo meter sus imágenes en Lightroom - Cómo organizar sus imágenes - Cómo personalizar Lightroom - Cómo editar sus imágenes - Cómo utilizar los pinceles - Cómo imprimir - Cómo hacer unas presentaciones de diapositivas espectaculares - Cómo crear efectos especiales - Cómo guardar sus imágenes - Cómo hacer álbumes de fotos - Cómo usar Lightroom en su dispositivo móvil - Otras cosas que mereces la pena saber. | |
| 526 | _aSEG44 | ||
| 526 | _aSEG26 | ||
| 526 | _aP151 | ||
| 526 | _aP150 | ||
| 526 | _aP149 | ||
| 526 | _aP146 | ||
| 526 | _aP145 | ||
| 526 | _aP126 | ||
| 526 | _aP125 | ||
| 526 | _aP92 | ||
| 526 | _aP75 | ||
| 526 | _aP74 | ||
| 526 | _aP27 | ||
| 526 | _aP15 | ||
| 534 |
_pTítulo Original : _tHow do i do that in lightroom?. |
||
| 541 | _g002-00000234; | ||
| 650 | 0 | 7 |
_aProcesamiento de imágenes _xTécnicas digitales |
| 650 | 0 | 7 |
_aFotografía _xTécnicas digitales. |
| 910 |
_adbm _bksl _cksl _d20180802 |
||
| 942 |
_2ddc _cBOOK |
||
| 994 |
_aC0 _bPEPRU |
||
| 598 | _aCATALOGING | ||
| 596 | _a1 | ||
| 999 |
_a006.6 K37 _wDEWEY _c29100 _i79188 _f2021-11-8 _g4 _lCCODEBUL1 _mBUL _p39.60 _r0 _sY _tBOOK _u2018-8-2 _xEDUCACION _PP07 _0COMPRA _1FCOMPRA _o.STAFF. Colección Ciencias Humanas y Educación _d29100 |
||
| 999 |
_a006.6 K37 _wDEWEY _c2 _i79189 _f2021-11-8 _g4 _lCCODEBUL1 _mBUL _p39.60 _r0 _sY _tBOOK _u2018-8-2 _xEDUCACION _PP07 _0COMPRA _1FCOMPRA _o.STAFF. Colección Ciencias Humanas y Educación |
||
| 980 |
_81 _gALBERTO SANCHEZ Responsable de Automatización |
||